00980npc a2200229Ia 4500001002200000003001000022008004100032040002500073041000700098100001100105240010500116245019700221250001100418260001400429300001000443500006700453650001400520942000700534957000600541999003100547952017200578onu4-913 [d000000838]IT-MiCISF161014s9999||||xx | und|| aIT-MiCISFcIT-MiCISF aen aAA.VV. aEfforts and Measures for Securing the Implementation and the Enjoyment by Youth of Human Rights, ... 0aEfforts and Measures for Securing the Implementation and the Enjoyment by Youth of Human Rights, ...bResolution Adopted by the General Assembly on the Report of the Third Committee (a/37/629) a1a ed. bONUc1983 app. 2 aUnited Nations / diritti-umani, giovani, lavoro, educazione /  asocietà cDD 71 a913bsig1c205960d205960 0010406ONU_4913_D00000083871aCISFbCISFd2016-10-14l0oonu4-913 [d000000838]r2016-10-14 00:00:00w2016-10-14yDDzData import 15.10.2016 / by Epidotti, Vaglietti